000 00638nam a2200217 i 4500
001 C2-0126598
003 PPAK
005 20180727115639.0
008 970913s1983 my a|||| ||||| | may d
040 _aPPAK
_beng
_cPPAK
_erda
082 0 4 _a398.809595
_223
090 0 0 _a398.809595
_bUND
_dKIH
245 0 0 _aUndang-Undang Gasing Pangkah
264 1 _aKuala Lumpur :
_bBahagian Kebudayaan Kementerian Kebudayaan, Belia dan Sukan ,
_c1983
300 _a48 pages :
_billustrations ;
_c19 cm
336 _2rdacontent
_atext
337 _2rdamedia
_aunmediated
338 _2rdacarrier
_avolume
650 1 0 _aGames, Malay
942 _ddc
_cB
999 _c37492
_d37492